000
00279nam a22001217a 4500
008
170202b xxu||||| |||| 00| 0 eng d
041
_a
eng
080
_2
4TH
_a
61
100
_a
3
101
_a
SHM
245
_a
CHRONIC OBSTRUCTIVE PULMONARYDISEASE
_c
EDWARDS. M.J
942
_2
udc
_c
BK
999
_c
4238
_d
4238